<?xml version="1.0" encoding="UTF-8"?>
<record
    xmlns:xsi="http://www.w3.org/2001/XMLSchema-instance"
    xsi:schemaLocation="http://www.loc.gov/MARC21/slim http://www.loc.gov/standards/marcxml/schema/MARC21slim.xsd"
    xmlns="http://www.loc.gov/MARC21/slim">

  <leader>00910nam a2200253 a 4500</leader>
  <controlfield tag="001">BRCA_559</controlfield>
  <controlfield tag="005">20190320203049.0</controlfield>
  <controlfield tag="008">961011s1997    wiua---###---#000-1#eng-d</controlfield>
  <datafield tag="020" ind1=" " ind2=" ">
    <subfield code="a">1562475150</subfield>
  </datafield>
  <datafield tag="040" ind1=" " ind2=" ">
    <subfield code="a">DLC</subfield>
    <subfield code="c">DLC</subfield>
    <subfield code="d">DLC</subfield>
  </datafield>
  <datafield tag="050" ind1=" " ind2="4">
    <subfield code="a">F1216.5</subfield>
    <subfield code="b">.T75 1997</subfield>
  </datafield>
  <datafield tag="100" ind1="1" ind2=" ">
    <subfield code="a">Tripp, Valerie</subfield>
    <subfield code="d">1951-</subfield>
    <subfield code="9">1930</subfield>
  </datafield>
  <datafield tag="245" ind1="1" ind2="0">
    <subfield code="a">Meet Josefina</subfield>
    <subfield code="b">An American Girl</subfield>
    <subfield code="c">by Valerie Tripp ; illustrations Jean-Paul Tibbles ; vignettes Susan McAliley.</subfield>
  </datafield>
  <datafield tag="260" ind1=" " ind2=" ">
    <subfield code="a">Middleton, Wisconsin</subfield>
    <subfield code="b">Pleasant</subfield>
    <subfield code="c">1997</subfield>
  </datafield>
  <datafield tag="300" ind1=" " ind2=" ">
    <subfield code="a">85 p.</subfield>
    <subfield code="b">il. a color</subfield>
    <subfield code="c">22 cm.</subfield>
  </datafield>
  <datafield tag="440" ind1=" " ind2="0">
    <subfield code="a">The American Girls Collection</subfield>
    <subfield code="v">1</subfield>
    <subfield code="9">1931</subfield>
  </datafield>
  <datafield tag="500" ind1=" " ind2=" ">
    <subfield code="a">Incluye piezas de la colecci&#xF3;n Franz Mayer: (p. 81)</subfield>
  </datafield>
  <datafield tag="500" ind1=" " ind2=" ">
    <subfield code="a">Incluye glosario de palabras en espa&#xF1;ol</subfield>
  </datafield>
  <datafield tag="651" ind1=" " ind2="4">
    <subfield code="a">Nuevo M&#xE9;xico</subfield>
    <subfield code="x">Vida cotidiana</subfield>
    <subfield code="9">1932</subfield>
  </datafield>
  <datafield tag="651" ind1=" " ind2="4">
    <subfield code="a">Nuevo M&#xE9;xico</subfield>
    <subfield code="x">Civilizaci&#xF3;n y cultura</subfield>
    <subfield code="9">1933</subfield>
  </datafield>
  <datafield tag="700" ind1="1" ind2=" ">
    <subfield code="a">Tibbles, Jean-Paul</subfield>
    <subfield code="9">1934</subfield>
  </datafield>
  <datafield tag="700" ind1="1" ind2=" ">
    <subfield code="a">McAliley, Susan</subfield>
    <subfield code="9">1935</subfield>
  </datafield>
  <datafield tag="942" ind1=" " ind2=" ">
    <subfield code="2">lcc</subfield>
    <subfield code="c">B</subfield>
  </datafield>
  <datafield tag="999" ind1=" " ind2=" ">
    <subfield code="c">490</subfield>
    <subfield code="d">490</subfield>
  </datafield>
  <datafield tag="952" ind1=" " ind2=" ">
    <subfield code="0">0</subfield>
    <subfield code="1">0</subfield>
    <subfield code="4">0</subfield>
    <subfield code="7">0</subfield>
    <subfield code="a">BRCA</subfield>
    <subfield code="b">BRCA</subfield>
    <subfield code="d">2008-06-25</subfield>
    <subfield code="l">0</subfield>
    <subfield code="o">F1216.5 .T75 1997</subfield>
    <subfield code="p">00874</subfield>
    <subfield code="r">2019-03-22 00:00:00</subfield>
    <subfield code="w">2019-03-22</subfield>
    <subfield code="y">B</subfield>
  </datafield>
</record>
